Wicked - Defying Gravity - Missing Lyrics - Statistics

General Stats
  • This quiz has been taken 462 times
  • The average score is 45 of 51
Answer Stats
Ozians Glinda Elphaba Missing Lyric % Correct
Some things I cannot ______ Change
100%
Something is not the ____ Same
99%
It's time to try defying _______ Gravity
98%
I think I'll try defying _______ Gravity
98%
Just you and I, defying _______ Just you and I, defying _______ Gravity
98%
With you and I, defying _______ With you and I, defying _______ Gravity
98%
Tell them how I am defying _______ Gravity
98%
Something has _______ within me Changed
97%
I'm through with playing by the _____ of someone else's game Rules
97%
Too late to go back to _____ Sleep
94%
It's time to _____ my instincts Trust
94%
Is ever gonna _____ me down Bring
92%
"Everyone deserves the ______ to fly!" chance
91%
Kiss me _______, I'm defying gravity Goodbye
91%
Too late for second-________ Guessing
91%
But till I try I'll never ____ Know
90%
Unlimited, together we're _________ Unlimited
90%
It comes at much too high a ____ Cost
89%
They'll never bring __ down They'll never bring __ down Us
89%
I hope you're happy, my ______ I hope you're happy, my ______ Friend
88%
I hope you're _____ Happy
88%
I'm flying ____, defying gravity High
88%
Close my eyes and ____ Leap
88%
Too ____ I've been afraid of Long
88%
Losing love I guess I've ____ Lost
88%
And nobody in all of __ Oz
88%
Look to the western ___ Sky
88%
I hope you're happy in the ___ I hope you're happy in the ___ End
87%
At least I'm flying ____ Free
87%
Well if that's ____ Love
87%
And you don't live to ______ it And you don't live to ______ it Regret
87%
'Cos someone ____ they're so Says
87%
No-one mourns the wicked Bring me ____ Down
86%
I'm through accepting ______ Limits
86%
And if I'm flying ____ Solo
86%
And together we'll be the greatest ____ there's ever been Team
86%
No ______ that there is or was Wizard
86%
So if you care to ____ me Find
85%
And you can't ____ me down Pull
85%
And you can't ____ me down Pull
85%
As someone told me ______: Lately
83%
If we work in ______ Tandem
83%
Take a _______ back from me Message
82%
Can't I make you __________ Understand
82%
There's no _____ we cannot win There's no _____ we cannot win Fight
81%
I really hope you ___ it I really hope you ___ it Get
81%
You're having delusions of _________ Grandeur
76%
To those who ______ me Ground
76%
Glinda, ______ the way we planned them Dreams
72%
I'd sooner ___ defying gravity Buy
63%
And soon I'll match them in ______ Renown
59%
No matching quizzes found
Score Distribution
Percent of People with Each Score
Percentile by Number Answered
Your Score History
You have not taken this quiz